Great Literature #56 - Statistics

General Stats
  • This quiz has been taken 35 times
  • The average score is 6 of 20
Answer Stats
Hint Explanation Answer % Correct
Sally Rooney 2018 Normal People
63%
anonymous c. 200 BCE (पञ्चतन्त्र) Panchatantra
60%
William Styron 1967 The Confessions of Nat Turner
53%
Han Kang 2007 (채식주의자) The Vegetarian
53%
Walter M. Miller 1959 A Canticle for Leibowitz
50%
François Mauriac 1927 Thérèse Desqueyroux
47%
Olga Tokarczuk 2009 (Prowadź swój pług przez kości umarłych) Drive Your Plow Over the Bones of the Dead
37%
Douglas Hofstadter 1979 Gödel, Escher, Bach: an Eternal Golden Braid
37%
Clive Barker 1984-1985, three-book series, published serially Books of Blood
33%
Susan Sontag 1966 Against Interpretation
30%
Alfred Bester 1956 The Stars My Destination (U.K.: Tiger! Tiger!)
30%
William Faulkner 1930 A Rose for Emily
27%
Ruth Rendell 1977 A Judgement in Stone
23%
James Thurber 1950 The 13 Clocks
23%
Lillian Smith 1944 Strange Fruit
20%
Lawrence Durrell 1957 Justine
17%
Zaharia Stancu 1948 (Desculț) Barefoot
10%
Norman Rush 1991 Mating
10%
Henry Mackenzie 1771 The Man of Feeling
7%
J. K. Huysmans 1891 (Là-bas) Down There
3%
No matching quizzes found
Score Distribution
Percent of People with Each Score
Percentile by Number Answered
Your Score History
You have not taken this quiz